000 00516nam a22001697a 4500
999 _c62694
_d62694
005 20250123161140.0
008 250123s2013 enk||||| |||| 00| 0 eng d
020 _a9780141029191x
041 _aeng
080 _a159.9 C-15
100 _aSusan. Cain
_924101
245 _aQuiet:
_bThe Power of Introverts in a World That Can't Stop Talking /
_cSusan. Cain.
264 _aNew York:
_bPenguin Books,
_c2013.
300 _a340 p.;
_b20 cm.
653 _aფსიქოლოგია
942 _2udc
_cᲬᲘᲒᲜᲘ